A Practical Guide to Corporate Governance / (Record no. 613987)

000 -LEADER
fixed length control field 00379nam a22001457a 4500
020 ## - INTERNATIONAL STANDARD BOOK NUMBER
Terms of availability 9780414042384
082 ## - DEWEY DECIMAL CLASSIFICATION NUMBER
Classification number 330.03
Author Mark SME
100 ## - MAIN ENTRY--PERSONAL NAME
Personal name Smerdon. Richard
245 ## - TITLE STATEMENT
Title A Practical Guide to Corporate Governance /
Statement of responsibility, etc. Richard Smerdon
250 ## - EDITION STATEMENT
Edition statement 4th Edition.
260 ## - PUBLICATION, DISTRIBUTION, ETC.
Place of publication, distribution, etc. England:
Name of publisher, distributor, etc. Thomson Reuters,
Date of publication, distribution, etc. 2010.
300 ## - PHYSICAL DESCRIPTION
Extent 837 p.
563 ## - BINDING INFORMATION
Binding note HB.
942 ## - ADDED ENTRY ELEMENTS (KOHA)
Source of classification or shelving scheme
Koha item type Book
Holdings
Withdrawn status Lost status Source of classification or shelving scheme Damaged status Not for loan Permanent Location Current Location Date acquired Total Checkouts Full call number Barcode Date last seen Price effective from Koha item type
          NUST Law School (NLS) NUST Law School (NLS) 06/29/2025   330.03 SME NLS-2884 06/29/2025 06/29/2025 Book
© 2023 Central Library, National University of Sciences and Technology. All Rights Reserved.